| 000 | 00426nam a2200181Ia 4500 | ||
|---|---|---|---|
| 008 | 170918s9999 xx 000 0 und d | ||
| 020 | _a380978636 | ||
| 050 | _bA957do 2001 | ||
| 100 | _aAvi | ||
| 245 | _aDon't you know there's a war on? / | ||
| 245 | _cnovel by Avi. | ||
| 260 | _aNew York : | ||
| 260 | _bHarper Trophy, | ||
| 260 | _c2001 | ||
| 300 | _a200 pages : | ||
| 300 | _billustrations ; | ||
| 300 | _c19cm. | ||
| 999 |
_c343456 _d343456 |
||